Los objetivos de desarrollo sostenible

Detalles Bibliográficos
Autor principal: Přez Martell, Rosa
Formato: eBook
Lenguaje:español
Publicado: Barcelona: J.M. Bosch Editor, 2019
Materias:
Acceso en línea:Acceso restringido

MARC

LEADER 00000nam a22000007a 4500
005 20200303214717.0
007 cr|||| ||||
008 200303s2019 es |||||s|||| 00||0 spa d
020 |a 978-84-121376-3-7 
035 |a 31124 
040 |a vLex 
090 |c 10164  |d 10164 
100 1 |a Přez Martell, Rosa 
245 1 3 |a Los objetivos de desarrollo sostenible  |h [Recurso electrn̤ico] /  |c Rosa Přez Martell 
256 |a Servicio en ln̕ea 
260 |a Barcelona:  |b J.M. Bosch Editor,  |c 2019 
300 |a 1 recurso electrn̤ico 
500 |a En octubre de 2019 se celebr,̤ en Las Palmas de Gran Canaria, la Conferencia Internacional sobre los Objetivos de Desarrollo Sostenible, la Conferencia Internacional ±UNMAP 2019». Durante cuatro da̕s se trataron los grandes bloques de desarrollo de los ODS: Alianzas para lograr los objetivos. Las Personas. La Prosperidad. El Planeta. La Paz. La Conferencia Internacional ±UNMAP 2019» fue exitosa debido a la calidad de los ponentes, todos ellos sobresalientes y referentes en su r̀ea de trabajo; a la implicacin̤ de los patrocinadores, a la acogida de los asistentes, a la repercusin̤ medit̀ica que tuvo el evento, su difusin̤, antes, durante y despuš del mismo, llegando, en las redes sociales a miles de impresiones y visualizaciones. En definitiva, fue un acontecimiento con una excelente proyeccin̤ y difusin̤, tanto dentro como fuera de las Islas Canarias, que han llevado a la Universidad de Las Palmas de Gran Canaria a unirse a un gran proyecto de Naciones Unidas. Se organiza esta Conferencia Internacional debido a que a principios de 2019 tuvo lugar una designacin̤ como TeachSDGsAmbassador, para el desarrollo de los Objetivos de Desarrollo Sostenible, en el marco de la Agenda 2030 de Naciones Unidas. Como tal, el encargo es difundir, promover y dar a conocer los ODS. Durante todo el aǫ 2019 se han realizado diferentes acciones. Dentro de la importante actividad que se lleva a cabo en el Servicio de Arbitraje y Mediacin̤ de la Universidad de Las Palmas de Gran Canaria, SAMADR-ULPGC con un cometido especf̕ico centrado en la investigacin̤, formacin̤ y desarrollo de servicios dirigidos a la solucin̤ de las controversias mediante las va̕s alternativas de solucin̤ de conflictos, mediacin̤ y arbitraje, se une, desde principios de 2.019, la ln̕ea de acciones referidas a los ODS. 
506 1 |a Disponible solo en los productos indicados  |d vLex Global  |d vLex Global (Academic Edition, excluding Law Schools)  |d vLex Global (U.S. Academic Edition, Law Schools)  |d vLex Global (U.S. Academic Edition, excluding Law Schools)  |d vLex Global (Academic Edition, Law Schools) 
650 0 4 |a Derecho Internacional  |z Espaą 
740 0 |a vLex Libros (Servicio en ln̕ea) 
856 4 0 |u http://vlex.com/source/objetivos-de-desarrollo-sostenible-31124  |z Acceso restringido 
942 |c BOOK 
999 0 |a International right